Detalles MARC
| 000 -LIDER |
| fixed length control field |
03337nam a2200301 a 4500 |
| 001 - NÚMERO DE CONTROL |
| Identificador de número de control |
|
| 003 - IDENTIFICACDOR DE NÚMERO DE CONTROL |
| control field |
DO-SdBNP |
| 005 - DATE AND TIME OF LATEST TRANSACTION |
| control field |
20220406114111.0 |
| 008 - ELEMENTOS DE LONGITUD FIJA |
| fixed length control field |
110914s2010 dr 000 0 spa d |
| 020 ## - ISBN |
| International Standard Book Number |
9789592710818 |
| 040 ## - FUENTE DE CATALOGACIÓN |
| Agencia que crea de manera original el registro |
DO-SdBNP |
| Idioma de catalogación |
spa |
| Agencia que realiza la transcripción |
BPMSU |
| 082 ## - NÚMERO DE CLASIFICACIÓN DECIMAL DE DEWEY |
| Classification number |
923.2097291 |
| Item number |
M378J 2010 |
| Edition number |
22 |
| 100 1# - ASIENTO PRINCIPAL -- NOMBRE PERSONAL |
| Nombre personal |
Marti, José |
| Fechas asociadas con el nombre |
1853-1895 |
| 245 10 - MENCIÓN DE TITULO |
| Título |
José Martí y el equilibrio del mundo / |
| Mención de responsabilidad |
estudio introductorio Armando Hart Dávalos |
| 250 ## - MENCIÓN DE EDICION |
| Mención de edición |
3a ed. |
| 260 ## - PUBLICACIÓN, DISTRIBUCIÓN, ETC. (PIE DE IMPRENTA) |
| Lugar de publicación, distribución, etc |
Santo Domingo : |
| Nombre del editor, distribuidor, etc. |
Comisión Permanente de Efemérides Patrias, |
| Fecha de publicación, distribución, etc |
2010. |
| 300 ## - DESCRIPCIÓN FÍSICA |
| Extensión |
275 p. ; |
| Dimensiones |
23 cm. |
| 500 ## - NOTA GENERAL |
| Nota general |
Incluye referencias bibliográficas y notas al pie de las páginas |
| 505 0# - NOTA DE CONTENIDO |
| Texto normalizado de contenido |
Estudio introductorio Armando Hart Dávalos página, 9 / II. José Martí en la mirada Rubén Darío, 47 / Domingo Faustino Sarmiento, 48 / Manuel Gutiérrez Nájera, 48 / Enrique José Varona, 49 / Francisco Pi y Margall, 50 / Pablo Iglesias, 50 / Pedro Henríquez Ureña, 51 / Miguel de Unamuno, 52 / Manuel Isidro Méndez 53 Fernando de los ríos 53 Gabriela Mistral 54 Juan Ramón Jiménez 56 Juan Marinello, 57 Fernando Ortiz, 58 / Alfonso Reyes, 59 / Alejo Carpentier, 59 / Federico De Onís 60 Guillermo Díaz-Plaja, 61 / Ernesto Che Guevara, 62 / Herminio Almendros, 62 / Nicolás Guillén, 63 / José Lezama Lima, 63 / Fidel Castro, 65 / III Textos de José Martí / La República española ante la Revolución Cubana, 69 / Diputado 81 Escasez de noticias electorales. / Diputados noveles-comercio e industria.-Inteligencia de creación y de aplicación.-Teófilo Gautier, 83 / El poema del Niágara, 88 / El Tratamiento Comercial entre los Estados Unidos y México, 110 / Exposición de electricidad, 117 / Honores a Karl Marx que ha muerto, 121 / Educación científica, 123 / Educación popular, 126 / A aprender en las haciendas, 127 / La futura esclavitud, 130 / Maestros ambulantes, 135 / Libro nuevo y curioso, 140 / Inauguración de un presidente en los Estados Unidos, 146 / Correspondencia particular para el Partido Liberal, 164 / Cartas de Martí 172 Vindicación de Cuba, 182 / El Congreso de Washington, 190 / Nuestra América, 200 / La Conferencia Monetaria de las Repúblicas de América, 211 / La verdad sobre los Estados Unidos, 226 / El tercer año del Partido Revolucionario Cubano, 232 / A Fermín Valdés Domínguez, 239 / Al general Porfirio Díaz, 241 / A la madre, 242 / A Federico Henríquez y Carvajal, 243 / Manifiesto de Montecristi , 246 / A Gonzalo de Quesada y Aróstegui, 258 / A José Martí y Zayas Bazán, 263 / A María Mantilla, 264 / A Manuel Mercado 271.<br/>Summary: Esta obra pone al alcanse del lector una visión trascendental del genuino continuador del ideario libertador de Simón Bolivar, Benito Juárez y otros proceres latinoamericanos, acompañada de 23 miradas de connotados pensadores de nuestra densidad cultural y precedida por un estudio removedor y documentado del doctor Armando Hart Dávalos... |
| 590 ## - NOTA LOCAL |
| Enlace |
Inventariado, 2022/VM |
| 600 14 - ENCABEZAMIENTO DE MATERIA--NOMBRE PERSONAL |
| Nombre personal |
Martí, José |
| Fechas asociadas con el nombre |
1853-1895 |
| Subdivisión temática general |
Pensamiento político |
| Término de relación |
|
| 651 #4 - ENCABEZAMIENTO DE MATERIA--NOMBRE GEOGRÁFICO |
| Nombre geográfico |
América Latina |
| Subdivisión temática general |
Política y gobierno |
| 700 1# - ASIENTO SECUNDARIO -- NOMBRE PERSONAL |
| Nombre personal |
Hart Dávalos, Armando |
| Mención de responsabilidad |
introducción |
| 710 2# - ASIENTO SECUNDARIO -- NOMBRE CORPORATIVO |
| Nombre corporativo o de jurisdicción |
Centro de Estudios Martianos.(República Dominicana) |
| 710 2# - ASIENTO SECUNDARIO -- NOMBRE CORPORATIVO |
| Nombre corporativo o de jurisdicción |
Comisión Permanente de Efemérides Patrias (República Dominicana) |
| 910 ## - VALIDACIÓN |
| Validación |
VMateo V. |
| 942 ## - ADDED ENTRY ELEMENTS (KOHA) |
| Source of classification or shelving scheme |
Dewey Decimal Classification |
| Koha item type |
Libros |